NBA Top 100 Players 2021 - Statistics

General Stats
  • This quiz has been taken 55 times
  • The average score is 69 of 100
Answer Stats
# Hint Answer % Correct
1 Lakers LeBron James
100%
2 Nets Kevin Durant
98%
3 Bucks Giannis Antetokounmpo
96%
7 Lakers Anthony Davis
94%
9 Blazers Damian Lillard
94%
10 76ers Joel Embiid
94%
6 Clippers Kawhi Leonard
94%
18 Nets Kyrie Irving
94%
4 Warriors Stephen Curry
94%
19 Suns Devin Booker
91%
5 Nets James Harden
91%
8 Mavs Luka Doncic
91%
11 Nuggets Nikola Jokic
91%
13 Wizards Russell Westbrook
91%
16 Wizards Bradley Beal
89%
21 Suns Chris Paul
89%
14 Heat Jimmy Butler
89%
15 Warriors Klay Thompson
89%
24 Jazz Rudy Gobert
89%
26 Pels Zion Williamson
89%
20 76ers Ben Simmons
87%
22 Jazz Donovan Mitchell
87%
76 Warriors Draymond Green
87%
25 Wolves Karl-Anthony Towns
87%
12 Clippers Paul George
87%
31 Hawks Trae Young
87%
29 Spurs DeMar DeRozan
85%
17 Celtics Jayson Tatum
85%
27 Knicks Julius Randle
85%
23 Bulls Zach LaVine
85%
28 Celtics Jaylen Brown
83%
40 Bucks Khris Middleton
83%
98 Pels Lonzo Ball
83%
33 Heat Bam Adebayo
81%
39 Blazers CJ McCollum
81%
30 Kings De'Aaron Fox
81%
34 Pacers Domantas Sabonis
81%
54 Raptors Kyle Lowry
81%
32 Bulls Nikola Vucevic
81%
35 Pels Brandon Ingram
79%
36 Grizzlies Ja Morant
79%
49 Bucks Jrue Holiday
79%
56 Celtics Kemba Walker
79%
67 Warriors Andrew Wiggins
77%
63 Spurs Dejounte Murray
77%
43 Nuggets Jamal Murray
77%
42 Raptors Pascal Siakam
77%
57 Hornets Gordon Hayward
74%
99 Nets Joe Harris
74%
51 Rockets John Wall
74%
48 76ers Tobias Harris
74%
47 Wolves D'Angelo Russell
72%
38 Jazz Mike Conley
72%
59 Suns Deandre Ayton
70%
37 Thunder Shai Gilgeous-Alexander
70%
66 Knicks Derrick Rose
66%
50 Pacers Myles Turner
66%
82 Nets Blake Griffin
64%
95 Rockets Kevin Porter Jr
64%
60 Nuggets Michael Porter Jr
64%
84 Knicks Mitchell Robinson
64%
53 Heat Victor Oladipo
64%
86 Jazz Bojan Bogdanovic
62%
74 Kings Buddy Hield
62%
44 Pacers Malcolm Brogdon
62%
46 Rockets Christian Wood
60%
61 Hawks Clint Capela
60%
75 Cavs Jarrett Allen
60%
52 Pistons Jerami Grant
60%
65 Hawks John Collins
60%
45 Hornets LaMelo Ball
60%
68 Knicks RJ Barrett
60%
69 Pacers Caris LeVert
57%
62 Cavs Collin Sexton
57%
58 Raptors Fred VanVleet
57%
71 Grizzlies Jaren Jackson Jr
57%
97 Heat Tyler Herro
57%
100 Bucks Brook Lopez
55%
64 Kings Harrison Barnes
55%
83 Blazers Jusuf Nurkic
55%
55 Lakers Andre Drummond
53%
73 Wolves Anthony Edwards
53%
89 Cavs Darius Garland
53%
70 Jazz Jordan Clarkson
53%
87 Bulls Coby White
51%
81 Celtics Marcus Smart
49%
92 Nuggets Aaron Gordon
45%
80 Grizzlies Jonas Valanciunas
45%
78 Suns Mikal Bridges
45%
93 Hornets Miles Bridges
45%
79 Pacers TJ Warren
45%
90 Raptors OG Anunoby
43%
88 Bulls Lauri Markkanen
38%
91 Thunder Luguentz Dort
36%
72 Nets Spencer Dinwiddie
36%
85 Lakers Montrezl Harrell
34%
77 Raptors Chris Boucher
17%
94 Kings Tyrese Haliburton
13%
96 Kicks Immanuel Quickley
6%
41 Mavs Kristaps Porzingas
2%
No matching quizzes found
Score Distribution
Percent of People with Each Score
Percentile by Number Answered
Your Score History
You have not taken this quiz